000 00405 a2200157 4500
001 156545
020 _a9788532283184
040 _cEscola São Tomás de Aquino
100 _aSTRECKER, Heidi
240 1 0 _aDez lições de filosofia para um cidadão
_lpor
245 1 0 _aDez lições de filosofia para um cidadão
300 _a320
362 0 _a2012
697 _aFILOSOFIA E PSICOLOGIA
942 _cBK
999 _c156545
_d156545